Vista normal
Vista MARC
Entrada Meeting Name
Número de registros utilizados en: 1
001 - CONTROL NUMBER
- control field: 1024
003 - CONTROL NUMBER IDENTIFIER
- control field: OSt
005 - DATE AND TIME OF LATEST TRANSACTION
- control field: 20200302103329.0
008 - FIXED-LENGTH DATA ELEMENTS
- fixed length control field: 200302|| aca||aabn | a|a d
040 ## - CATALOGING SOURCE
- Original cataloging agency: OSt
- Transcribing agency: OSt
111 ## - HEADING--MEETING NAME
- Meeting name or jurisdiction name as entry element: Ciclo de conferencias
- Number of part/section/meeting: (1er:
- Date of meeting or treaty signing: 2017:
- Location of meeting: Bogotá).
- Name of part/section of a work: Martes de planetario
670 ## - SOURCE DATA FOUND
- Source citation: Work cat.: (OSt): Ciclo de conferencias (1er: 2017: Bogotá). Martes de planetario, La reserva van der Hammen : , 2019